00705 2200253 4500001002100000005001700021008004100038020001800079035002400097082001100121090002100132110003100153245009500184250001100279260004200290300001900332650001800351850001600369980001500385985000600400999001500406999001500421999001500436YOGYA-0209000004094120090227025721.0 ind  a979-23-9912-7 0010-020900000040941 a341.46 a341.46bInd UlR aINDONESIA. [Undang-undang] aUndang-undang Republik Indonesia Nomor 15 Tahun 1992 tentang penerbanganceditor, AA Kunto aCet. 1 aYogyakartabPustaka Merah Putihc2007 a151 hlmc20 cm aHukum angkasa aYOPDYOG (B) a16-11-2007 a3 a07B0032488 a07B0032489 a07B0032490